00772nam a2200241 a 450000100060000000300080000600500170001400800410003102000220007203500190009404000270011304100080014008200280014824501190017626000500029530000150034550400380036050500320039865000190043065000190044970000350046870000270050366038BD-RjUL20211209081508.0170313s1973 hiu b 001 0 eng  a0824802055 (v. 1) a(BD-RjUL)66168 aDLCcDLCdBD-RjULbeng aeng00a595.77095223bCAT 196312aA catalog of the Diptera of the Oriental region /cCompiled and edited by Mercedes D. Delfinado and D. Elmo Hardy. aHonolulu :bUniversity Press of Hawaiicc1973 av.c24 cm. aIncludes bibliographies and index0 aVol. 1. Suborder Nematocera 0aDipterazAsia. 0aInsectszAsia.1 aHardy, D. Elmo,ejoint author.1 aDelfinado, Mercedes D.